Statystyki dla Top 5 państw według religii

Kliknij tutaj aby rozwiązać quiz!

Ogólne statystyki

  • Ten quiz został rozwiązany 1 586 razy
  • Średni wynik to 23 z 34

Statystyki odpowiedzi

ReligiaPaństwo% Poprawnych
Cerkiew prawosławnaRosja
95%
Islam, Hinduizm, Szyizm, SikhizmIndie
92%
BuddyzmChiny
90%
Chrześcijaństwo, Judaizm, Protestantyzm, SikhizmStany Zjednoczone
90%
Cerkiew prawosławnaUkraina
85%
JudaizmIzrael
84%
Chrześcijaństwo, ProtestantyzmBrazylia
81%
SzyizmIran
81%
BuddyzmJaponia
81%
WahhabizmArabia Saudyjska
79%
SzyizmIrak
78%
Judaizm, SikhizmKanada
75%
Islam, Hinduizm, SzyizmPakistan
75%
Cerkiew prawosławnaEgipt
73%
Islam, HinduizmIndonezja
73%
ChrześcijaństwoMeksyk
73%
JudaizmFrancja
72%
Judaizm, Protestantyzm, SikhizmWielka Brytania
69%
BuddyzmTajlandia
61%
BuddyzmWietnam
61%
SikhizmAustralia
58%
WahhabizmZjednoczone Emiraty Arabskie
58%
Islam, HinduizmBangladesz
57%
ProtestantyzmRepublika Południowej Afryki
57%
HinduizmNepal
56%
SzyizmJemen
55%
WahhabizmKatar
55%
Chrześcijaństwo, Protestantyzm, IslamNigeria
55%
WahhabizmKuwejt
46%
BuddyzmMjanma
45%
ChrześcijaństwoFilipiny
44%
Cerkiew prawosławnaRumunia
42%
WahhabizmBahrajn
40%
Cerkiew prawosławnaEtiopia
38%

Rozkład punktacji

Percentyl według liczby udzielonych odpowiedzi

Procent ludzi z każdym wynikiem

Twoja historia wyników

Nie rozwiązałeś tego quizu